00550 2200193 4500001002100000005001500021035002000036245007000056100001800126250002000144300002500164856003600189700002200225260004300247082001000290084001600300020002200316600001800338INLIS00000000000117220200626055258 a0010-06200002971 aKomunikasi kesehatan :bPemikiran dan Penelitian /cDeddy Mulyana0 aDeddy Mulyana aCetakan Pertama a268 hlm :bilustrasi aPerpustakaan Umum Kota Makassar0 aEditor : Anang SW aBandung :bPT Remaja Rosdakarya,c2018 a302.2 a302.2 DED k a978-602-446-202-4 4aDeddy Mulyana